| 000 | 00731nam a2200229 a 4500 | ||
|---|---|---|---|
| 999 |
_c11422 _d11422 |
||
| 001 | 11422 | ||
| 003 | BD-JhCC | ||
| 005 | 20220814134022.0 | ||
| 008 | 190612b20082017bg a|||| ||a| 000 0 ben d | ||
| 020 | _a9847016200434 | ||
| 035 | _a(BD-JhCC)11422 | ||
| 040 |
_aBD-JhCC _dBD-JhCC |
||
| 041 | _aben | ||
| 082 |
_a891.443 _bIQB 2017 |
||
| 100 | _aইকবাল, মুহম্মদ জাফর | ||
| 245 |
_aঘাস-ফড়িং / _cমুহম্মদ জাফর ইকবাল । |
||
| 260 |
_aঢাকা: _bপার্ল পাবলিকেশন্স; _c২০১৭. |
||
| 300 |
_a২০ পৃ. : _bill; _c২৬ সেমি. |
||
| 650 | _aNovel | ||
| 942 |
_2ddc _cBK _01 |
||